1461 1449 1109 1945 1300 1241 1018 1971 1175 1723 1749 1010 1533 1030 1583 1243 1079 1677 1051 1816 1322 1824 1473 1576 1899 1767 1191 1543 1541 1565 1658 1167 1501 1926 1465 1904 1798 1127 1522 1920 1001 1068 1464 1918 1185 1128 1290 1580 1139 1343 1246 1390 1975 1315 1220 1918 1922 1415 1598 1392 1815 1626 1817 1897 1711 1560 1487 1002 1468 1960 1553 1911 1863 1861 1658 1243 1773 1579 1074 1545 1715 1744 1054 1665 1063 1211 1501 1090 1447 1824 1204 1578 1937 1567 1632 1797 1216 1550 1286 BCNSPRNW ULIB Ver.6.0+V

เปลี่ยนเป็นภาษาไทย

Change to English
 แสดงรายละเอียดบรรณานุกรม
  กลับหน้าหลัก

Brief Record : Get Marc (ISO 2709) : E-mail record : QR code < ปิดหน้าต่าง
LEADER : 00000nam 2200000uu 4500
001    13399129193
003     ULIB
008    260511s2568||||th 000 0 tha d
020 ^  ^a9786166299410
060 0  ^aWY106^bว169ก
100 0  ^aวนิดา ดุรงค์ฤทธิชัย.
245 ^  ^aการพยาบาลอนามัยชุมชน :หลักการ แนวคิดและวิธีประยุกต์สู่การดูแลสุขภาพบุคคล ครอบครัวและชุมชน/^cวนิดา ดุรงค์ฤทธิชัย.
260 ^  ^aกรุงเทพฯ:^bสำนักพิมพ์จุฬาลงกรณ์มหาวิทยาลัย,^c2568.
300 ^  ^a669 หน้า
505 ^  ^aตำราการพยาบาลอนามัยชุมชนเล่มนี้แบ่งเป็น 6 ส่วน ^tส่วนที่ 1 ว่าด้วยระบบสุขภาพ ระบบบริการสาธารณสุขและระบบการดูแลสุขภาพชุมชน--^tส่วนที่ 2 คือบทบาทพยาบาลอนามัยชุมชน--^tส่วนที่ 3 คือกระบวนการพยาบาลอนามัยชุมชนที่ใช้เป็นเครื่องมือสำหรับปฏิบัติงานในชุมชนประกอบด้วยขั้นตอนต่างๆ--^tส่วนที่ 4 นำสู่การดำเนินการแก้ไขปัญหาสุขภาพชุมชนด้วยการเยี่ยมบ้าน การพยาบาลแบบครอบครัวเป็นศูนย์กลางการดูแล การดูแลต่อเนื่องครอบครัวที่มีสมาชิกเจ็บป่วยเรื้อรังและการดูแลแบบประคับประคอง--^tส่วนที่ 5 เป็นแนวทางการดำเนินงานแก้ไขปัญหาสุขภาพชุมชนในงานอนามัยโรงเรียน งานอาชีวอนามัยและงานอนามัยสิ่งแวดล้อม--^tส่วนที่ 6 แสดงถึงหลักการและแนวทางที่จะทำให้ใช้ยาอย่างสมเหตุสมผล และส่วนสุดท้ายเป็นการนำกฎหมาย จรรยาบรรณและจริยธรรมมาใช้ในการพยาบาลอนามัยชุมชนให้สอดคล้องกับบุคคล ครอบครัวและชุมชนอย่างมีประสิทธิภาพ.
650 ^  ^aการพยาบาลครอบครัว.
650 ^  ^aการพยาบาลอนามัยชุมชน.
999    ^aประนอม เกษจรัล
รายการนี้ยังไม่มีแท็ก
คุณยังไม่ได้ล็อกอิน คุณสามารถมีกิจกรรมร่วมกับเว็บไซต์ได้ แต่ต้องล็อกอินก่อน ::
  ล็อกอิน

รายการสื่อสารสนเทศ

ลำดับที่ ประเภท เลขเรียก/บาร์โค้ด สถานที่ สถานะ
1. Book การพยาบาล
หนังสือสำรอง
สถานะ=หนังสือสำรอง
WY106 ว169ก ฉ.1 
  Barcode: 012095
ห้องสมุดวิทยาเขตสวรรค์ประชารักษ์
►หนังสือทั่วไป
บนชั้น

รายการใกล้เคียง
    หัวเรื่อง [การพยาบาลอนามัยชุมชน.]

BibComment


ยังไม่เคยถูกคอมเมนท์

คอมเมนท์ทรัพยากรรายการนี้
  คอมเมนท์: การพยาบาลอนามัยช..


 Copyright 2026. Bcnsprnw @Library